000
00263nam a2200097Ia 4500
001
766659
005
20250826165345.0
008
250824s9999 xx 000 0 und d
245
0
_a
GÜL BAHÇESİNDEKİ SARAYINDAKİ PRENS
_c
BARBARA ZOSCHKE
260
_b
MARTI YAYINLARI
999
_c
766659
_d
766659